000 00513nam a2200181Ia 4500
999 _c23255
_d23255
003 OSt
005 20210121134116.0
008 190216s9999||||xx |||||||||||||| ||und||
020 _a9788171309900
040 _coclc
082 _a920
_bKAL/A
100 _aKalam, A P J Abdul
_92031
245 0 _aAgnichirakukal = Wings Of Fire /
_cA P J Abdul Kalam
260 _bDc Books,
_c2014.
_aKottayam:
300 _a216p
650 _aIslamic History
942 _cBK
_2ddc
_h920
_iKAL/A
_k920
_mKAL/A